| 000 | 00514nam a22001337a 4500 | ||
|---|---|---|---|
| 005 | 20241212110549.0 | ||
| 008 | 240924b ||||| |||| 00| 0 eng d | ||
| 100 |
_aNoveras, Ferdinand E. _eauthor. _961566 |
||
| 245 |
_aPako para sa turista : _bkabuhayan ang hatid sa Aurora / _cFerdinand E. Noveras. |
||
| 260 |
_aPhilippines; _bPublishers Association of the Philippines, Inc., _cJuly 2018. |
||
| 300 |
_aVolume 66, pages 67, _billustration. |
||
| 700 |
_aNoveras, Ferdinand E. _eauthor. _961566 |
||
| 942 |
_2ddc _cPER |
||
| 999 |
_c21831 _d21831 |
||